000 01243cam a2200349 i 4500
999 _c200451692
_d69904
001 200451692
003 TR-AnTOB
005 20241121110645.0
007 ta
008 160405t20142012tu c 000 0 tur d
020 _a9786054538850
040 _aSULEY
_beng
_erda
_cSULEY
_dTR-AnTOB
041 1 _atur
_heng
050 1 4 _aBJ1533.H7
_bA75419 2014
090 _aBJ1533.H7
_bA75419 2014
100 1 _aAriely, Dan
_eauthor
_980228
240 1 4 _aThe (honest) truth about dishonesty.
_lTurkish.
245 1 0 _aDürüst olmamanın ardındaki dürüst gerçek :
_bkendimiz başta olmak üzere nasıl herkese yalan söyleriz /
_cDan Ariely ; çeviren: Asiye Hekimoğlu Gül.
264 1 _aİstanbul:
_bOptimist Yayın Grubu,
_c2014.
264 4 _c©2012
300 _a255 pages :
_btables ;
_c21 cm
336 _atext
_btxt
_2rdacontent
337 _aunmediated
_bn
_2rdamedia
338 _avolume
_bnc
_2rdacarrier
500 _aEserin özgün adı: The honest truth about dishonesty.
504 _aBIB
650 7 _aDürüstlük ve yalancılık
_9133516
_2etuturkob
650 0 _aDavranışçılık (Psikoloji)
_950334
700 1 _aHekimoğlu Gül, Asiye
_etranslator
_948275
942 _2lcc
_cBK